| 000 | 00664nam a22002177a 4500 | ||
|---|---|---|---|
| 999 |
_c5066 _d5066 |
||
| 003 | AR-CdUCM | ||
| 008 | 190311b ||||| |||| 00| 0 spa d | ||
| 040 |
_aMUNICIPALIDAD PROVINCIAL DEL CUSCO _cBIBLIOTECA MUNICIPAL DEL CUSCO |
||
| 082 |
_a987.041 / _bP31 |
||
| 100 |
_aPavletich, Esteban _9785 |
||
| 245 | _aBolívar periodista / | ||
| 260 |
_aLima : _bEdiciones Demos, _c1960. |
||
| 300 |
_a33 paginas ; _c25 cm. |
||
| 500 | _aDonación familia Nieto. | ||
| 505 | _aContenido :Bolívar periodista. | ||
| 650 |
_aLiteratura del siglo xx _97647 |
||
| 650 |
_aLiteratura peruana _9169 |
||
| 650 |
_aHistorietas _910786 |
||
| 942 |
_2ddc _cLIBROS |
||
| 945 | _arum | ||